LEADER 02677nam 2200637 450 001 9910461015403321 005 20200520144314.0 010 $a1-4571-9539-9 010 $a0-87421-982-5 035 $a(CKB)3710000000421284 035 $a(EBL)2065170 035 $a(SSID)ssj0001497516 035 $a(PQKBManifestationID)11920839 035 $a(PQKBTitleCode)TC0001497516 035 $a(PQKBWorkID)11495145 035 $a(PQKB)10448479 035 $a(MiAaPQ)EBC3442947 035 $a(OCoLC)910823876 035 $a(MdBmJHUP)muse42296 035 $a(MiAaPQ)EBC2065170 035 $a(Au-PeEL)EBL3442947 035 $a(CaPaEBR)ebr11063898 035 $a(CaONFJC)MIL801006 035 $a(Au-PeEL)EBL2065170 035 $a(EXLCZ)993710000000421284 100 $a20150617h20152015 uy 0 101 0 $aeng 135 $aur|n|---||||| 181 $ctxt 182 $cc 183 $acr 200 10$aDialectical rhetoric /$fBruce McComiskey 210 1$aLogan, [Utah] :$cUtah State University Press,$d2015. 210 4$dİ2015 215 $a1 online resource (237 p.) 300 $aDescription based upon print version of record. 311 $a0-87421-981-7 320 $aIncludes bibliographical references and index. 327 $aHistorical trajectories of dialectic and rhetoric -- Dialectic in (and out of) rhetoric and composition -- The dimensions of rhetoric -- Three-dimensional dialectical rhetorics -- Three-dimensional dialectical rhetorics in digital context. 330 $a In Dialectical Rhetoric, Bruce McComiskey argues that the historical conflict between rhetoric and dialectic can be overcome in ways useful to both composition theory and the composition classroom.Historically, dialectic has taken two forms in relation to rhetoric. First, it has been the logical development of linear propositions leading to necessary conclusions, a one-dimensional form that was the counterpart of rhetorics in which philosophical, metaphysical, and scientific truths were conveyed with as little cognitive interference from language as possible. Second, dialectic has been the to 606 $aPersuasion (Rhetoric) 606 $aRhetoric$xStudy and teaching$xHistory 606 $aRhetoric$xData processing 608 $aElectronic books. 615 0$aPersuasion (Rhetoric) 615 0$aRhetoric$xStudy and teaching$xHistory. 615 0$aRhetoric$xData processing. 676 $a808 700 $aMcComiskey$b Bruce$f1963-$0881606 801 0$bMiAaPQ 801 1$bMiAaPQ 801 2$bMiAaPQ 906 $aBOOK 912 $a9910461015403321 996 $aDialectical rhetoric$92450809 997 $aUNINA LEADER 04374nam 22007575 450 001 9910299593903321 005 20251116204244.0 010 $a3-319-90814-6 024 7 $a10.1007/978-3-319-90814-4 035 $a(CKB)4100000004835370 035 $a(DE-He213)978-3-319-90814-4 035 $a(MiAaPQ)EBC5430751 035 $a(PPN)229495672 035 $a(EXLCZ)994100000004835370 100 $a20180614d2018 u| 0 101 0 $aeng 135 $aurnn#008mamaa 181 $ctxt$2rdacontent 182 $cc$2rdamedia 183 $acr$2rdacarrier 200 10$aActive House: Smart Nearly Zero Energy Buildings /$fby Lone Feifer, Marco Imperadori, Graziano Salvalai, Arianna Brambilla, Federica Brunone 205 $a1st ed. 2018. 210 1$aCham :$cSpringer International Publishing :$cImprint: Springer,$d2018. 215 $a1 online resource (X, 138 p. 127 illus., 121 illus. in color.) 225 1 $aPoliMI SpringerBriefs,$x2282-2577 311 08$a3-319-90813-8 320 $aIncludes bibliographical references. 327 $aWhat is an Active House? A new vision beyond 2020 -- A new paradigm for holistic design: Active House prototypes at Politecnico di Milano -- A reflection on Active House in warm climates -- nZEB and AH: a case study for residential buildings in Northern Italy -- Relevant case studies: a benchmark for future design. 330 $aThe book provides an overview of the Active House (AH) vision, intended as a building design method ?beyond? the passive approach for buildings of the future that will be more and more connected, smart and innovative. It offers a novel philosophical design approach in which buildings, new or renovated, are in balance with natural, renewable energies and become ?concentrators-distributors? of energies instead of being consumers of resources. The book is composed of five chapters, providing information on fundamental aspects of innovations toward resource-efficient buildings, as well as case studies presenting the concept in practice. It demonstrates that a completely new design approach is possible, and that a turning point has been reached. Lastly, it shows how the AH Alliance, along with designers, institutions, industries and academies, is bringing a breath of fresh air to the world of construction. 410 0$aPoliMI SpringerBriefs,$x2282-2577 606 $aSustainable architecture 606 $aBuilding construction 606 $aSustainable development 606 $aBuildings?Design and construction 606 $aBuilding 606 $aConstruction 606 $aEngineering, Architectural 606 $aEnergy consumption 606 $aSustainable Architecture/Green Buildings$3https://scigraph.springernature.com/ontologies/product-market-codes/122000 606 $aBuilding Physics, HVAC$3https://scigraph.springernature.com/ontologies/product-market-codes/T23080 606 $aSustainable Development$3https://scigraph.springernature.com/ontologies/product-market-codes/U34000 606 $aBuilding Construction and Design$3https://scigraph.springernature.com/ontologies/product-market-codes/T23012 606 $aEnergy Efficiency$3https://scigraph.springernature.com/ontologies/product-market-codes/118000 615 0$aSustainable architecture. 615 0$aBuilding construction. 615 0$aSustainable development. 615 0$aBuildings?Design and construction. 615 0$aBuilding. 615 0$aConstruction. 615 0$aEngineering, Architectural. 615 0$aEnergy consumption. 615 14$aSustainable Architecture/Green Buildings. 615 24$aBuilding Physics, HVAC. 615 24$aSustainable Development. 615 24$aBuilding Construction and Design. 615 24$aEnergy Efficiency. 676 $a720.47 700 $aFeifer$b Lone$4aut$4http://id.loc.gov/vocabulary/relators/aut$0956501 702 $aImperadori$b Marco$4aut$4http://id.loc.gov/vocabulary/relators/aut 702 $aSalvalai$b Graziano$4aut$4http://id.loc.gov/vocabulary/relators/aut 702 $aBrambilla$b Arianna$4aut$4http://id.loc.gov/vocabulary/relators/aut 702 $aBrunone$b Federica$4aut$4http://id.loc.gov/vocabulary/relators/aut 906 $aBOOK 912 $a9910299593903321 996 $aActive House: Smart Nearly Zero Energy Buildings$92165787 997 $aUNINA